<?xml version="1.0" encoding="UTF-8"?>
<record
    xmlns:xsi="http://www.w3.org/2001/XMLSchema-instance"
    xsi:schemaLocation="http://www.loc.gov/MARC21/slim http://www.loc.gov/standards/marcxml/schema/MARC21slim.xsd"
    xmlns="http://www.loc.gov/MARC21/slim">

  <leader>00926nam a2200253Ia 4500</leader>
  <controlfield tag="003">OSt</controlfield>
  <controlfield tag="005">20220923222300.0</controlfield>
  <controlfield tag="006">a|||||r|||| 00| 0</controlfield>
  <controlfield tag="007">ta</controlfield>
  <controlfield tag="008">220922b        |||||||| |||| 00| 0 mar d</controlfield>
  <datafield tag="024" ind1=" " ind2=" ">
    <subfield code="a">204,230</subfield>
  </datafield>
  <datafield tag="037" ind1=" " ind2=" ">
    <subfield code="c">Textual</subfield>
  </datafield>
  <datafield tag="040" ind1=" " ind2=" ">
    <subfield code="a">ARTS</subfield>
    <subfield code="c">ARTS</subfield>
    <subfield code="b">mar</subfield>
  </datafield>
  <datafield tag="041" ind1=" " ind2=" ">
    <subfield code="2">mar</subfield>
    <subfield code="a">mar</subfield>
  </datafield>
  <datafield tag="082" ind1=" " ind2=" ">
    <subfield code="a">O155,3N27x, 152K3</subfield>
  </datafield>
  <datafield tag="100" ind1=" " ind2=" ">
    <subfield code="a">&#x92E;&#x93E;&#x921;&#x917;&#x942;&#x932;&#x915;&#x930;, &#x935;&#x94D;&#x92F;&#x902;&#x947;&#x915;&#x91F;&#x947;&#x936; &#x926;&#x93F;0; &#x938;&#x930;&#x94D;&#x935;&#x91F;&#x947;, &#x930;0 &#x930;&#x93E;0, &#x905;&#x928;&#x941;.</subfield>
    <subfield code="9">166571</subfield>
  </datafield>
  <datafield tag="245" ind1=" " ind2="0">
    <subfield code="a">&#x92A;&#x94D;&#x930;&#x924;&#x93F;&#x928;&#x93F;&#x927;&#x93F; &#x930;&#x91A;&#x928;&#x93E;&#x90F;&#x902;</subfield>
  </datafield>
  <datafield tag="246" ind1=" " ind2=" ">
    <subfield code="a">Pratinidhi rachan&#x101;ean</subfield>
  </datafield>
  <datafield tag="260" ind1=" " ind2=" ">
    <subfield code="c">1963</subfield>
  </datafield>
  <datafield tag="490" ind1=" " ind2=" ">
    <subfield code="a">jkV&#xAA;Hkkjrh xzaFkekyk( 3- KkuihB yksdksn; xzaFkekyk( 171</subfield>
  </datafield>
  <datafield tag="650" ind1=" " ind2=" ">
    <subfield code="a">&#x92E;&#x930;&#x93E;&#x920;&#x940; &#x938;&#x93E;&#x939;&#x93F;&#x924;&#x94D;&#x92F;</subfield>
  </datafield>
  <datafield tag="942" ind1=" " ind2=" ">
    <subfield code="h">O155,3N27x, 152K3</subfield>
    <subfield code="c">TEXL</subfield>
    <subfield code="2">CC</subfield>
  </datafield>
  <datafield tag="999" ind1=" " ind2=" ">
    <subfield code="c">354979</subfield>
    <subfield code="d">354979</subfield>
  </datafield>
  <datafield tag="952" ind1=" " ind2=" ">
    <subfield code="0">0</subfield>
    <subfield code="1">0</subfield>
    <subfield code="4">0</subfield>
    <subfield code="7">0</subfield>
    <subfield code="a">ARTS</subfield>
    <subfield code="b">ARTS</subfield>
    <subfield code="d">2022-09-23</subfield>
    <subfield code="l">0</subfield>
    <subfield code="o">O155,3N27x 152K3</subfield>
    <subfield code="p">AL0199627</subfield>
    <subfield code="r">2022-09-23 00:00:00</subfield>
    <subfield code="w">2022-09-23</subfield>
    <subfield code="y">TEXL</subfield>
  </datafield>
</record>
